Quizzes
Events
Quiz Creation
Community
Videos
Private Events
Remove Ads
Sign In
Join for FREE
Feedback
Dark Mode
Quiz Categories
Sports
Geography
Music
Movies
Television
Just For Fun
Miscellaneous
History
Literature
Language
Science
Gaming
Entertainment
Religion
Holiday
For Kids
Quiz Lab
Recent
Popular Today
Quiz Kudos Today
Editor Picks
Curator Picks
Quizzes by...
Day
Popularity
Type
Ratings
Length
Year
Community
Subscriptions
Recent Discussions
Orange Saloon
Badges
Playlists
Quests
Create
Leaderboards
Showdown
Live 5
Trivia Bingo
Activity
Puzzle Library
Sporcle Events
Private Events
Virtual Trivia
Globe League
Become a Host
Pub Owners
SporcleCon
Opinionation
Our Games
Videos
Blog
Mobile Apps
Partnerships
Remove Ads and Go Orange
Feedback
History
US Presidents
World Leaders
Politics
Nation
Discovery
War
Decade
Year
Century
Biography
Art
History
US Presidents
World Leaders
Politics
Nation
Discovery
War
Decade
Year
Century
Biography
Art
Random Quiz
Search Sporcle
×
Quiz Lab
Quiz Lab
History
United States
Type in answers that appear in a list
Type in answers that appear in a list
Classic
Best Score? Go Orange.
Presidential Assassination Attempts Stats
Can you name the presidents by the locations of their assassination attempts?
By
OdysseusKelly
4m
14 Questions
216 Plays
216 Plays
216 Plays
Comments
Comments
Give Quiz Kudos
Give Quiz Kudos
-
- Ratings
hide this ad
More Info
Forced Order
Answers have to be entered in order
Answers have to be entered in order
Random Order
Randomize order of answers
Randomize order of answers
Replay
Link that replays current quiz
Next Quiz
Link to next quiz in quiz playlist
You Got
0%
They Got
Avg Score
61%
Avg Friend Score
Upgrade to see
Score Distribution
Jump to the score distribution portion of the page
Score
0/14
Timer
04:00
0
Plays Today
Location
President
% Correct
Dealey Plaza, Dallas, Texas
John F. Kennedy
92.1%
Ford's Theatre, Washington, D.C.
Abraham Lincoln
92.1%
Temple of Music, Buffalo, New York
William McKinley
77.8%
Leaving the Washington Hilton Hotel, Washington, D.C.
Ronald Reagan
77.3%
Baltimore and Potomac Railroad station, Washington, D.C.
James Garfield
71.3%
Kuwait University, Kuwait City, Kuwait*
George H. W. Bush (as former president)
69%
Freedom Square, Tbilisi, Republic of Georgia
George W. Bush
56.9%
Location
President
% Correct
Capitol Park, Sacramento, California
Gerald Ford
52.3%
Leaving the St. Francis Hotel, Sacramento, California
Gerald Ford
50.9%
Blair House, Washington, D.C.
Harry S. Truman
48.1%
Near Bayfront Park, Miami, Florida*
Franklin Delano Roosevelt (as president-elect)
46.8%
Leaving the Gilpatrick Hotel, Milwaukee, Wisconsin*
Theodore Roosevelt (as former president)
45.4%
Outside of the Capitol Building, Washington, D.C.
Andrew Jackson
41.2%
Manila, the Philippines
Bill Clinton
32.9%
Quiz Playlist
Details
Report
Send in Message
Add To Playlist
More Info:
"Attempt" refers to both successful and unsuccessful attempts. *Not serving as U.S. President at time of attack
Classic:
Type in answers that appear in a list
Forced Order:
Answers have to be entered in order
Random Order:
Randomize order of answers
Quiz Source
Last Updated: Mar 13, 2017
Quiz Scoreboard
CHALLENGE
Sign Up to Join the Scoreboard
Show All
Scores
Hide
Comments
May contain spoilers
Recently Published
Presidents Visiting Landmarks
by Hejman
History
7m
An Introduction to Baseball
by treessimontrees
Sports
5m
Movies - When Are They Set?
by FPL_Elf
Movies
5m
More to Explore
Quiz From the Vault
Featured Blog Post
Where Did the Easter Bunny Come From?
hide this ad
You Might Also Like...
Tags
United States Quiz
US Presidents Quiz
assassin
assassination
attempt
Attempted
Killed
Killer
location
Today's Top Quizzes in History
Browse History
hide this ad
Today's Top Quizzes in United States
Browse United States
Top Contributed Quizzes in History
1
Popular People in 1991
2
Popular People in 1981
3
Popular People in 1951
4
Popular People in 1941
5
Popular People in 1986
6
Popular People in 1976
7
Popular People in 1921
8
I Am Born On March 28th
9
Popular People in 1946
10
5-to-1: 20th Century Images of War
Explore More
Trending Topics
Kpop
NBA
Disney
Crossword
Anime
Harry Potter
Marvel
Soccer
NFL
Country
WWE
Song
The Office
Puzzle
Pokémon
hide this ad
More By:
OdysseusKelly
Quiz
Plays
Rating
Category
Featured
Created
If You're Gay...
8,659
4.41
Geography
Mar 13, 2012
Geography Spelling Bee
681
3.42
Geography
Jul 20, 2011
Not-So-Saintly Names (Past Century)
437
4.20
Religion
Aug 2, 2011
Family Guy's 31 Songs Named After Girls
401
4.00
Television
Jun 29, 2011
War on Terror Military Service Locations
386
4.83
Geography
Jul 10, 2011
Go to Creator's Profile
Score Distribution
Quiz Creator Spotlight
OdysseusKelly
Follow
Send a Message
Quizzes Created
-
Created Quiz Play Count
-
More By This Creator
Popular Quizzes Today
1
Find the US States - No Outlines Minefield
2
Find the Countries of Europe - No Outlines Minefield
3
The Countries of the World
4
Find the US States
5
Popular People in 1961
6
US States
7
Risky Map Clicking: Biggest States A-Z
8
Movies - When Are They Set?
More History Quizzes
'C' British History
Published
Trending Quizzes
Risky Map Clicking: Least Populous States A-Z
1-10 Letter G Words
1-10 Letter F Words
Risky Map Clicking: Next State Alphabetically
Risky Map Clicking: Biggest States A-Z
Recently Updated
Leaping Animals
pecheneg
Reality TV Shows (A-Z)
bhenderson79
Rickey Henderson's Hall of Fame Teammates
pecheneg
Champions League XIs: Arsenal
pecheneg
Quick Pick: Celebrities in WWE's Hall of Fame
aduchscher
A-Z Keypad Blitz II
pecheneg
Multiple Oscar Actors
pecheneg
Mystery Phrase Blitz: Oscar 'Best Actors'
pecheneg
F. Scott Fitzgerald Novels
LTH
Pick 3 Villains
ddd62291
Trending Topics
Harry Potter
Disney
Kpop
NBA
Crossword
Anime
Marvel
Puzzle
Soccer
Country
Song
NFL
Pokémon
WWE
The Office
Your Account Isn't Verified!
In order to create a playlist on Sporcle, you need to verify the email address you used during registration. Go to your
Sporcle Settings
to finish the process.
Report this User
Report this user for behavior that violates our
Community Guidelines
.
Details:
Send Report
Go to the Sporcle.com Mobile Site →
Comments